header

Just my soul responding (Record no. 47535)

MARC details
000 -LEADER
fixed length control field 01496nam a2200361Ia 4500
082 04 - DEWEY DECIMAL CLASSIFICATION NUMBER
Classification number 781.643/0973
100 1# - MAIN ENTRY--AUTHOR NAME
Personal name Ward, Brian,
245 10 - TITLE STATEMENT
Title Just my soul responding
260 ## - PUBLICATION, DISTRIBUTION, ETC. (IMPRINT)
Place of publication Berkeley, CA :
Name of publisher University of California Press,
Year of publication c1998.
300 ## - PHYSICAL DESCRIPTION
Number of Pages xi, 600 p. :
Other physical details ill.
650 #0 - SUBJECT ADDED ENTRY--TOPICAL TERM
Topical Term Rhythm and blues music
Topical Term African Americans
Topical Term Popular music
Topical Term African Americans
Topical Term Music and race.
856 40 - ELECTRONIC LOCATION AND ACCESS
Uniform Resource Identifier http://site.ebrary.com/lib/rucke/Doc?id=10062920

No items available.

© 2026 Rongo University
Contact us: librarian | system librarian | Rongo university